000 01034cam a22002771 4500
001 17983
003 BD-RjUL
005 20211209000224.0
008 741125r19621810nyu 000 0 eng
035 _a(BD-RjUL)18041
035 _a(OCoLC)1086926
040 _aDLC
_cOTU
_dBD-RjUL
_beng
041 _aeng
082 0 0 _a808.5
_bADL V-1 1962
100 1 _aAdams, John Quincy,
_d1767-1848
_955437
245 1 0 _aLectures on rhetoric and oratory /
_cWith a new introduction by J. Jeffery Auer and Jerald L. Banninga.
_nvolume I
260 _aNew York :
_bRussell & Russell,
_cc1962.
300 _aV. ;
_c23 cm.
500 _aFacsimile reprint of the original edition of 1810, with t.p. reading: Lectures on rhetoric and oratory, delivered to the classes of senior and junior sophisters in Harvard University ... Cambridge, Printed by Hilliard and Metcalf, 1810.
505 _aVol. 1.--V. 2.--
650 0 _aRhetoric.
_955438
650 0 _aOratory.
_947362
942 _2ddc
_cBK
999 _c17983
_d17983